Les villes hollandaises de plus de 150 000 habitants (mort subite) - Statistiques

Statistiques générales
  • Ce quiz a été pris 77 fois
  • Le résultat moyen est 4 sur 16
Answers on the Grid
Answers color-coded by a green-red scale on the quiz's grid according to % correct below.
Maastricht
La Haye
Zwolle
Leyde
Utrecht
Amsterdam
Ede
Enschede
Dordrecht
Zoetermeer
Rotterdam
Venlo
Bréda
Emmen
Haarlem
Westland
Eindhoven
Alkmaar
Almere
Leeuwarden
Haarlemmermeer
Tilbourg
Amersfoort
Nimègue
Delft
Zaanstad
Groningue
Bois-le-Duc
Arnhem
Alphen-sur-le-Rhin
 
Statistiques - réponses
Réponse % Correct
Amsterdam
79%
Rotterdam
79%
La Haye
72%
Utrecht
53%
Eindhoven
51%
Groningue
25%
Nimègue
21%
Haarlem
11%
Bréda
9%
Almere
6%
Amersfoort
6%
Arnhem
6%
Bois-le-Duc
6%
Tilbourg
4%
Zaanstad
2%
Enschede
0%
Aucun quiz correspondant
Distribution des résultats
% des personnes avec chaque résultat
Percentile par nombre de réponses
Votre historique - résultats
Vous n’avez pas pris ce quiz